00495nam a22001937a 4500003000500000005001700005008004100022010001000063011001000073035001000083040000900093100001800102245003800120260004900158300000900207490002800216650002900244830002800273CHAP20220329140058.0971013s1977 r 00010 d a46666 a47638 a51781 cCHAP00aTiller, K. G. aRadioactivity in Port Pirie soils aMelbourne :bCSIRO. Divisioc of Soils,c1977 a5 p. aDivisional reportv; 2014aSuelosxContaminación.0 aDivisional reportv; 20